Effective English teaching : concept, research, and practice /

Bibliographic Details
Corporate Author: CEE Commission on Research in Teacher Effectiveness
Other Authors: Peters, William H., 1933-
Format: Book
Language:English
Published: Urbana, Ill. : National Council of Teachers of English, [1987]
Subjects:

MARC

Tag First Indicator Second Indicator Subfields
LEADER 00000cam a2200000 a 4500
001 in00000010054
005 20151006060025.0
008 870810s1987 ilua b 00000 eng
010 |a  87022018  
020 |a 0814112935 (pbk.) 
035 |a (OCoLC)16758831 
035 |9 AAA2244AM 
040 |a DLC  |c DLC  |d TXA  |d UtOrBLW 
043 |a n-us--- 
049 |a TXAM  |c [A12629639] 
050 0 0 |a LB1576  |b .E33 1987 
082 0 |a 372.6/1  |2 19 
245 0 0 |a Effective English teaching :  |b concept, research, and practice /  |c William H. Peters, chair, and the CEE Commission on Research in Teacher Effectiveness. 
264 1 |a Urbana, Ill. :  |b National Council of Teachers of English,  |c [1987] 
264 4 |c ©1987 
300 |a viii, 121 pages :  |b illustrations ;  |c 23 cm. 
336 |a text  |b txt  |2 rdacontent 
337 |a unmediated  |b n  |2 rdamedia 
338 |a volume  |b nc  |2 rdacarrier 
504 |a Includes bibliographies. 
650 0 |a English language  |x Study and teaching (Elementary)  |z United States. 
700 1 |a Peters, William H.,  |d 1933- 
710 2 |a CEE Commission on Research in Teacher Effectiveness. 
999 |a MARS 
999 f f |s 6dd6170b-4c31-3ca3-a3f9-110b57da506a  |i a8c63b94-fd5c-353e-93f1-90142c0c1820  |t 0 
952 f f |p normal  |a Texas A&M University  |b College Station  |c Sterling C. Evans Library  |d Evans: Library Stacks  |t 0  |e LB1576 .E33 1987  |h Library of Congress classification  |i unmediated -- volume  |m A14812629639 
998 f f |a LB1576 .E33 1987  |t 0  |l Evans: Library Stacks